• 首页
  • 本馆介绍
  • 公告通知
  • 最新文献
  • 馆藏检索
  • 电子资源
  • 读者导购
  • 参考咨询
  • 我的图书馆
  • 登录
  • 详细信息显示
  • 放入我的书架
  • 预约/预借图书
  • 作者相关作品
  • 分类相关作品
  • 丛书相关作品
  • 出版社相关作品

书目信息

  • 表格格式
  • 工作单格式
  • 卡片格式
题名:
累积法理论
    
 
作者: 曹定爱 著
分册:  
出版信息: 北京   科学出版社  2011
页数: 15,358页
开本: 24cm
丛书名:
单 册:
中图分类: O241.1
科图分类:
主题词: 累积误差--Lei Ji Wu Cha , 最小二乘法--Zui Xiao Er Cheng Fa
电子资源:
ISBN: 978-7-03-031856-5
000 00811nam0 22002411 450
001 350909
005 20161012082734.50
010    @a978-7-03-031856-5@b精装@dCNY88.00
100    @a20110920d2011 em y0chiy50 ea
101 0  @achi
102    @aCN@b110000
105    @aa z 000yy
106    @ar
200 1  @a累积法理论@ALei Ji Fa Li Lun@f曹定爱著
210    @a北京@c科学出版社@d2011
215    @a15,358页@c彩照@d24cm
330    @a本书内容包括:数理统计的基本概念、参数估计理论、最小二乘法、联立方程式的数量分析、普通累积和的概念及其统计特征、普通累积法及其估计理论等。
606 0  @a累积误差@ALei Ji Wu Cha
606 0  @a最小二乘法@AZui Xiao Er Cheng Fa
690    @aO241.1@v5
701  0 @c(土家)@a曹定爱@ACao Ding Ai@f(1963~)@4著
801  0 @aCN@bTANGWEI@c20160808
905    @b0892351-4@dO241.1@e172@f4
    
    累积法理论/曹定爱著.-北京:科学出版社,2011
    15,358页:彩照;24cm
    
    
    ISBN 978-7-03-031856-5(精装):CNY88.00
    本书内容包括:数理统计的基本概念、参数估计理论、最小二乘法、联立方程式的数量分析、普通累积和的概念及其统计特征、普通累积法及其估计理论等。
●
相关链接 在E读中查询图书 在五车中查询图书 在当当中查询图书 在豆瓣中查询图书


正题名:累积法理论     索取号:O241.1/172         预约/预借

序号 登录号 条形码 馆藏地/架位号 状态 备注
1 0892351   208923511   第二样本阅览室/ [索取号:O241.1/172] 在馆    
2 0892352   208923520   第三借阅区/ [索取号:O241.1/172] 在馆    
3 0892353   208923539   第三借阅区/ [索取号:O241.1/172] 在馆    
4 0892354   208923548   第三借阅区/ [索取号:O241.1/172] 在馆    
唐山师范学院图书馆 欢迎您!
大连网信软件有限公司© 版权所有